<?xml version="1.0" encoding="UTF-8"?>
<record
    xmlns:xsi="http://www.w3.org/2001/XMLSchema-instance"
    xsi:schemaLocation="http://www.loc.gov/MARC21/slim http://www.loc.gov/standards/marcxml/schema/MARC21slim.xsd"
    xmlns="http://www.loc.gov/MARC21/slim">

  <leader>01781nam a22002177a 4500</leader>
  <controlfield tag="005">20260324100408.0</controlfield>
  <controlfield tag="008">260323b        |||||||| |||| 00| 0 eng d</controlfield>
  <datafield tag="020" ind1=" " ind2=" ">
    <subfield code="a">9789354661402</subfield>
  </datafield>
  <datafield tag="040" ind1=" " ind2=" ">
    <subfield code="c">AL</subfield>
  </datafield>
  <datafield tag="041" ind1=" " ind2=" ">
    <subfield code="a">English</subfield>
  </datafield>
  <datafield tag="082" ind1=" " ind2=" ">
    <subfield code="a">621.38195</subfield>
    <subfield code="b">KANE</subfield>
  </datafield>
  <datafield tag="100" ind1=" " ind2=" ">
    <subfield code="a">A Nagoor Kani</subfield>
    <subfield code="9">259125</subfield>
  </datafield>
  <datafield tag="245" ind1=" " ind2=" ">
    <subfield code="a">8085 microprocessor and applications</subfield>
  </datafield>
  <datafield tag="250" ind1=" " ind2=" ">
    <subfield code="a">4.</subfield>
  </datafield>
  <datafield tag="260" ind1=" " ind2=" ">
    <subfield code="a">New Delhi</subfield>
    <subfield code="b">CBS Publishers and Distributors Pvt Ltd</subfield>
    <subfield code="c">2022</subfield>
  </datafield>
  <datafield tag="300" ind1=" " ind2=" ">
    <subfield code="a">xvi,446p.</subfield>
    <subfield code="b">PB</subfield>
    <subfield code="c">24x17cm.</subfield>
  </datafield>
  <datafield tag="365" ind1=" " ind2=" ">
    <subfield code="a">VBI-2645</subfield>
    <subfield code="b">&#x20B9;337.50</subfield>
    <subfield code="c">&#x20B9;</subfield>
    <subfield code="d">&#x20B9;450.00</subfield>
    <subfield code="e">25%</subfield>
    <subfield code="f">20-02-2026</subfield>
  </datafield>
  <datafield tag="520" ind1=" " ind2=" ">
    <subfield code="a">This book is designed for the students of engineering, arts and science colleges of various universities in India. Also, this book will be a reference for practicing engineers in industries. This book deals with 8085 microprocessor architectures, programming, interfacing with peripherals and application case studies. This book is organized with 7 chapters. The fundamental concepts of architecture and assembly language programming of 8085 microprocessor are presented in an easiest and elaborative manner. The assembly language programs are illustrated with problem analysis, algorithm and flowchart for better understanding. The assembly language program codes are run on assemblers with sample data and list file and results are also presented for clear understanding of the reader and also useful for laboratory exercises.
Salient Features
Clear explanation of memory and peripheral interfacing with appropriate diagrams.
Different types of fonts for text, examples and programs for better understanding.
Step-by-step explanation of program and interfacing concepts
Application case studies are explained with appropriate diagrams and sample programs.</subfield>
  </datafield>
  <datafield tag="650" ind1=" " ind2=" ">
    <subfield code="a"> Computer Science</subfield>
    <subfield code="9">259056</subfield>
  </datafield>
  <datafield tag="942" ind1=" " ind2=" ">
    <subfield code="2">ddc</subfield>
    <subfield code="c">BK</subfield>
  </datafield>
  <datafield tag="999" ind1=" " ind2=" ">
    <subfield code="c">241042</subfield>
    <subfield code="d">241042</subfield>
  </datafield>
  <datafield tag="952" ind1=" " ind2=" ">
    <subfield code="0">0</subfield>
    <subfield code="1">0</subfield>
    <subfield code="2">ddc</subfield>
    <subfield code="4">0</subfield>
    <subfield code="7">0</subfield>
    <subfield code="8">ISE</subfield>
    <subfield code="a">SE</subfield>
    <subfield code="b">SE</subfield>
    <subfield code="d">2026-03-06</subfield>
    <subfield code="g">337.50</subfield>
    <subfield code="l">0</subfield>
    <subfield code="o">621.38195 KANE</subfield>
    <subfield code="p">SE000287</subfield>
    <subfield code="r">2026-03-23 15:19:48</subfield>
    <subfield code="v">450.00</subfield>
    <subfield code="w">2026-02-20</subfield>
    <subfield code="y">BK</subfield>
  </datafield>
</record>
